[Event "NCA-ch sf"]
[Site "Managua"]
[Date "2023.02.05"]
[Round "5.7"]
[White "Quintanilla, Marvin"]
[Black "Arevalo Lopez, Josue"]
[Result "0-1"]
[WhiteElo "1880"]
[BlackElo "1992"]
[PlyCount "104"]
[EventDate "2023.01.28"]
[EventType "swiss"]
[EventRounds "9"]
[EventCountry "NCA"]
[SourceTitle "CBM 213 Extra"]
[Source "ChessBase"]
[SourceDate "2023.05.31"]
[SourceVersion "1"]
[SourceVersionDate "2023.05.31"]
[SourceQuality "1"]

1. c4 Nf6 2. g3 e6 3. Bg2 d5 4. Nf3 c5 5. 0-0 Nc6 6. b3 Be7 7. Bb2 0-0 8. cxd5 Nxd5 9. Nc3 Bf6 10. Rc1 Qa5 11. a4 Rd8 12. Qc2 Ndb4 13. Qb1 Nd4 14. Nxd4 cxd4 15. Ne4 Be7 16. d3 Nc6 17. Qc2 e5 18. Nc5 Rb8 19. Ba3 Nb4 20. Qc4 Bxc5 21. Qxc5 Nc6 22. Bxc6 Qxc5 23. Rxc5 bxc6 24. b4 e4 25. Rxc6 exd3 26. exd3 Bf5 27. Rd1 Bg4 28. Re1 Bf3 29. Rcc1 a6 30. h3 h5 31. Kh2 Kh7 32. Rc4 Re8 33. Rxe8 Rxe8 34. g4 h4 35. Rc1 Re2 36. Rf1 Ra2 37. Bc1 Rxa4 38. Bg5 Rxb4 39. Bxh4 Be2 40. Re1 Bxd3 41. Rd1 Be2 42. Rd2 d3 43. Bg5 Ra4 44. Be3 Kg6 45. Rb2 Ra1 46. Rb6+ f6 47. Kg3 Ra2 48. Rd6 Kf7 49. Kf4 g5+ 50. Ke4 Ra4+ 51. Kf5 Ra5+ 52. Ke4 Ke7 0-1

[Event "NCA-ch Fase 2"]
[Site "Managua"]
[Date "2022.01.23"]
[Round "3"]
[White "Quintanilla, Marvin"]
[Black "Monge Lopez, Jairo Humberto"]
[Result "1-0"]
[WhiteElo "1921"]
[BlackElo "1581"]
[PlyCount "75"]
[EventDate "2022.01.22"]
[EventType "swiss"]
[EventRounds "9"]
[EventCountry "NCA"]
[SourceTitle "CBM 207 Extra"]
[Source "ChessBase"]
[SourceDate "2022.05.31"]
[SourceVersion "1"]
[SourceVersionDate "2022.05.31"]
[SourceQuality "1"]

1. c4 Nf6 2. g3 d5 3. cxd5 Qxd5 4. Nf3 Nc6 5. Nc3 Qd8 6. Bg2 h6 7. 0-0 Bf5 8. a3 e6 9. d4 Be7 10. b4 a6 11. Bb2 0-0 12. Rc1 Rb8 13. e3 Na7 14. Ne5 c6 15. Na4 Nc8 16. Nc5 Bxc5 17. dxc5 Qxd1 18. Rfxd1 Ne7 19. Nc4 Bg6 20. Bxf6 gxf6 21. Nb6 Rbd8 22. Nd7 Nd5 23. Nxf8 Rxf8 24. e4 Nc7 25. Rd7 Rc8 26. Rcd1 Kf8 27. Rd8+ Rxd8 28. Rxd8+ Ke7 29. Rb8 Kd7 30. Rxb7 e5 31. Bh3+ Kd8 32. f3 Ne6 33. Bxe6 fxe6 34. g4 Be8 35. Rh7 f5 36. gxf5 exf5 37. exf5 h5 38. f6 1-0

[Event "NCA-ch Fase 2"]
[Site "Managua"]
[Date "2022.01.22"]
[Round "1"]
[White "Quintanilla, Marvin"]
[Black "Useda Bodan, Jesus Ernesto"]
[Result "1-0"]
[WhiteElo "1921"]
[BlackElo "1496"]
[PlyCount "67"]
[EventDate "2022.01.22"]
[EventType "swiss"]
[EventRounds "9"]
[EventCountry "NCA"]
[SourceTitle "CBM 207 Extra"]
[Source "ChessBase"]
[SourceDate "2022.05.31"]
[SourceVersion "1"]
[SourceVersionDate "2022.05.31"]
[SourceQuality "1"]

1. c4 Nf6 2. g3 g6 3. Bg2 Bg7 4. Nc3 0-0 5. e4 d6 6. Nge2 e5 7. 0-0 Nc6 8. d3 Nd7 9. Be3 Nd4 10. f4 c6 11. f5 Nc5 12. g4 Bd7 13. Qd2 b5 14. cxb5 Rb8 15. bxc6 Bxc6 16. Rad1 Na4 17. Nxa4 Bxa4 18. b3 Bc6 19. Rc1 Ba8 20. g5 gxf5 21. exf5 Bxg2 22. Kxg2 Rc8 23. Bxd4 Rxc1 24. Rxc1 exd4 25. f6 Bh8 26. Nxd4 Qd7 27. Qf4 Re8 28. Nf5 Qb7+ 29. Kg3 Bxf6 30. gxf6 Kh8 31. Ne7 Qa6 32. Rc4 d5 33. Qh6 Qd6+ 34. Rf4 1-0

[Event "Managua Hurtado Memorial 19th"]
[Site "Managua"]
[Date "2019.12.29"]
[Round "6"]
[White "Alfaro Caracas, William"]
[Black "Quintanilla, Marvin"]
[Result "1-0"]
[WhiteElo "2095"]
[BlackElo "1903"]
[PlyCount "33"]
[EventDate "2019.12.26"]
[EventType "swiss"]
[EventRounds "9"]
[EventCountry "NCA"]
[SourceTitle "CBM 195 Extra"]
[Source "ChessBase"]
[SourceDate "2020.05.31"]
[SourceVersion "1"]
[SourceVersionDate "2020.05.31"]
[SourceQuality "1"]

1. Nf3 f5 2. d3 Nf6 3. e4 d6 4. exf5 Bxf5 5. d4 c6 6. Bd3 Qd7 7. 0-0 Na6 8. Re1 Nb4 9. Bxf5 Qxf5 10. Na3 h6 11. Bd2 Na6 12. Qe2 0-0-0 13. b4 Nc7 14. Rab1 b5 15. c4 a6 16. d5 e5 17. dxc6 1-0